00814 a2200193 45000010006000000050017000060080041000230030015000640400040000790800162001192450030002810200018003112640030003293000019003595050109003780410008004871000023004958560102005183565420260407155636.0260407a1992 arg spa dAR-UNSa-BCEJYS aAR-UNSa-BCEJYSbspacAR-UNSa-BCEJYS a51-7xEstudios y métodos matemáticos en otros campos del conocimiento. Matemáticas científicas. Matemáticas actuariales (Matemáticas Financieras)10aMatemáticas financieras a84-283-1962-6 1aMadrid :bParaninfoc1992 a311 p.c24 cm. a1. Capitalización simple - 2. Capitalización compuesta - 3. Rentas - 4. Préstamos - 5. Emprestitos aspa1 aÁlvarez, Alfonso41uhttps://biblioeco.unsa.edu.ar/pmb/images/libros/matsFinacieras.jpgyImagen de portadaqimage/jpeg